000 01098nam a2200229Ia 4500
001 18062
003 GE_BSU
008 181216s||||||||xx |||||||||||||| ||und||
040 _cGE_BSU
080 _a821.353.1.09-13
100 _aღლონტი, შალვა
245 _aვეფხისტყაოსნის მხატვრული ენის სპეციფიკურობის პრობლემა
245 _cრედ. აკ. ჩხარტიშვილი
260 _aსოხუმი
260 _bაფხაზეთის სახელმწიფო გამომცემლობა
260 _c1961
300 _a313გვ. 21სმ.
300 _eბიბლიოგრ.: გვ. 305-310. პირთა საძიებელი გვ.311-313
653 _aვეფხისტყაოსნის მხატვრული ენის სპეციფიკურობის პრობლემა
653 _aვეფხისტყაოსნის" მხატვრული ენა
942 _cBK
999 _c51105
_d51105